Datum a čas kvízu
34
Celkem bodů
Celkový počet nahraných bodů na tomto kvízu bez doplňovacích otázek.
5.
Pořadí na kvízu
Konečné umístění týmu na tomto kvízu.
Zaznamenané odpovědi
| # | Otázka | Odpověď | Body | Výsledky |
|---|---|---|---|---|
| 1. | Který známý český youtuber vyb... | Radek Starý (Sterakdary) | 0 | |
| 2. | Slovenský ministr cestovního r... | říhnul si | 1 | |
| 3. | V pondělí se odehrálo finále r... | Patricie Herlíková; Jan (Honzi) Michálek | 0 | |
| 4. | Která velká čínská firma prodá... | Shein | 0 | |
| 5. | V sobotu byly vyhlášeny výsled... | Jan Štefela | 0 | |
| 6. | První novodobé hry se konaly v... | C | 0 | |
| 7. | U maratonu ještě zůstaneme. Me... | v Římě, běžel bosky | 0.5 | |
| 8. | V Calgary se v roce 1988 na st... | Eddie Eagle/orel Eddie/The Eagle; skoky na lyžích | 1 | |
| 9. | Nyní se přeneseme na olympijsk... | Kateřina Kůrková, Matthew Emmons | 1 | |
| 10. | Na závěr postupně uslyšíte tři... | 3, 2, 1 | 0 |